| Tag |
First Indicator |
Second Indicator |
Subfields |
| LEADER |
00000cam a2200000 4500 |
| 001 |
in00000990684 |
| 005 |
20150927160946.0 |
| 008 |
900511s1970 xx a 00010 eng d |
| 035 |
|
|
|a (OCoLC)21508860
|
| 035 |
|
|
|9 AEY5301AM
|
| 040 |
|
|
|a TXA
|c TXA
|d UtOrBLW
|
| 049 |
1 |
|
|a TXA2
|
| 090 |
|
|
|a S624.T4
|b E54 1970
|
| 110 |
1 |
|
|a El Paso County, Texas.
|b Needs Committee.
|
| 245 |
1 |
0 |
|a El Paso County conservation needs inventory /
|c prepared by El Paso County Needs Committee...
|
| 264 |
|
1 |
|a [Place of publication not identified] :
|b El Paso-Hudspeth Soil and Water Conservation District,
|c 1970.
|
| 300 |
|
|
|a [i] 20 leaves :
|b tables (part folded) ;
|c 27 cm.
|
| 336 |
|
|
|a text
|b txt
|2 rdacontent
|
| 337 |
|
|
|a unmediated
|b n
|2 rdamedia
|
| 338 |
|
|
|a volume
|b nc
|2 rdacarrier
|
| 500 |
|
|
|a The Committee consisted of the following agencies: USDA - Soil Conservation Service, Chairman; USDA - Agriculture Stabilization and Conservation Service [and others]
|
| 650 |
|
0 |
|a Soil conservation
|z Texas
|z El Paso County.
|
| 650 |
|
0 |
|a Land use
|z Texas
|z El Paso County.
|
| 650 |
|
0 |
|a Soils
|z Texas
|z El Paso County.
|
| 999 |
|
|
|a MARS
|
| 999 |
f |
f |
|s e563e83b-30d2-3f6e-b0c0-34a3b3f77745
|i e03525e8-8ae7-36e5-81c2-ed2dd8aa015a
|t 0
|
| 952 |
f |
f |
|p ric
|a Texas A&M University
|b Rellis Campus
|c Joint Library Facility
|d Remote Storage
|t 0
|e S624.T4 E54 1970
|h Library of Congress classification
|i unmediated -- volume
|m A14814276288
|
| 998 |
f |
f |
|a S624.T4 E54 1970
|t 0
|l Remote Storage
|